रसलीन और उनका काव्य / (Record no. 112386)

MARC details
000 -LEADER
fixed length control field 00980nam a22002537a 4500
005 - DATE AND TIME OF LATEST TRANSACTION
control field 20170124102938.0
010 ## - LIBRARY OF CONGRESS CONTROL NUMBER
LC control number A-111241
020 ## - INTERNATIONAL STANDARD BOOK NUMBER
Terms of availability 95.00
035 ## - SYSTEM CONTROL NUMBER
System control number A-111241
037 ## - SOURCE OF ACQUISITION
Source of stock number/acquisition Cen Lib/Ret
040 ## - CATALOGING SOURCE
Original cataloging agency DPL
Language of cataloging HN
082 ## - DEWEY DECIMAL CLASSIFICATION NUMBER
Classification number 821.08
Item number शर्माउ
100 ## - MAIN ENTRY--PERSONAL NAME
Personal name शर्मा, उषा
9 (RLIN) 5680
245 ## - TITLE STATEMENT
Title रसलीन और उनका काव्य /
Statement of responsibility, etc उषा शर्मा
246 ## - VARYING FORM OF TITLE
Title proper/short title Rasleen aur unka kavye /
Remainder of title by Usha Sharma
260 ## - PUBLICATION, DISTRIBUTION, ETC. (IMPRINT)
Place of publication, distribution, etc नई दिल्ली
Name of publisher, distributor, etc तक्षशिला प्रकाशन
Date of publication, distribution, etc 1982
270 ## - ADDRESS
Address 23, दरियागंज
City नई दिल्ली
Postal code 110002
300 ## - PHYSICAL DESCRIPTION
Extent 328पृ.
Dimensions 21सेमी (सजिल्द)
650 ## - SUBJECT ADDED ENTRY--TOPICAL TERM
Topical term or geographic name as entry element हिन्दी -- साहित्य
9 (RLIN) 47199
650 ## - SUBJECT ADDED ENTRY--TOPICAL TERM
Topical term or geographic name as entry element हिन्दी -- काव्य
9 (RLIN) 779
650 ## - SUBJECT ADDED ENTRY--TOPICAL TERM
Topical term or geographic name as entry element Hindi - literature
9 (RLIN) 47200
650 ## - SUBJECT ADDED ENTRY--TOPICAL TERM
Topical term or geographic name as entry element Hindi - Poem
9 (RLIN) 47201
942 ## - ADDED ENTRY ELEMENTS (KOHA)
Source of classification or shelving scheme Dewey Decimal Classification
Koha item type Hindi Books
Classification part 821.08
Call number suffix शर्माउ
Holdings
Withdrawn status Lost status Damaged status Not for loan Home library Current library Date acquired Source of acquisition Cost, normal purchase price Total Checkouts Full call number Barcode Date last seen Copy number Cost, replacement price Price effective from Koha item type
        Central Library Central Library 08/08/2015 Cen Lib/Ret 95.00   821.08 शर्माउ A-111241 08/08/2015 1 95.00 08/08/2015 Hindi Books

© Delhi Public Library
Hit Counter
free hit counter